000 00534nam a22001937a 4500
003 KOHA_MİRAKIL
005 20250417163002.0
008 250417b tu ||||| |||| 00| 0 tur d
020 _a9789750408458
040 _aTR-AnABB
_btur
_cTR-AnABB
041 _atur
082 _a813.42
_bBAS 2021
100 1 _aBaşaran, Mehmet,
245 1 0 _aGiz kokan suskunluk /
_cMehmet Başaran
260 _aİstanbul :
_bLiteratür Yayın,
_c2021
300 _a108 sayfa ;
_c21 cm
650 0 4 _aTürk edebiyatı, roman
942 _2ddc
_cBK
999 _c8762
_d8762
900 _bGizem YORULMAZ